Dr. B. R. Ambedkar Ideology: (Record no. 206789)
[ view plain ]
| 000 -LEADER | |
|---|---|
| fixed length control field | 00709nam a22002057a 4500 |
| 005 - DATE AND TIME OF LATEST TRANSACTION | |
| control field | 20241028112949.0 |
| 010 ## - LCCN (DPL NO) | |
| LC control number | ENG-142455 |
| 020 ## - INTERNATIONAL STANDARD BOOK NUMBER | |
| International Standard Book Number | 9788194720355 |
| Terms of availability | 499.00 |
| 035 ## - SYSTEM CONTROL NUMBER | |
| System control number | EN-125987 |
| 037 ## - SOURCE OF ACQUISITION | |
| Source of stock number/acquisition | DBAD |
| 082 ## - DEWEY DECIMAL CLASSIFICATION NUMBER | |
| Classification number | 305.562 |
| Edition number | 1 |
| 245 ## - TITLE STATEMENT | |
| Title | Dr. B. R. Ambedkar Ideology: |
| Statement of responsibility, etc | Edited by Vinod Kumar Cherukuri and Punya Shailaja |
| Remainder of title | Sustainable Development in India/ |
| 250 ## - EDITION STATEMENT | |
| Edition statement | 1 |
| 260 ## - PUBLICATION, DISTRIBUTION, ETC. (IMPRINT) | |
| Name of publisher, distributor, etc | Desh Vikas Publications |
| Date of publication, distribution, etc | 2021 |
| Place of publication, distribution, etc | Andhra Pradesh |
| 270 ## - ADDRESS | |
| Address | D. No. 1-43-19, Adarsha Nagar, Peda Waltair, Vishkhapatnam, |
| 300 ## - PHYSICAL DESCRIPTION | |
| Extent | 208p. |
| Dimensions | 23cm(pb) |
| 700 ## - ADDED ENTRY--PERSONAL NAME | |
| Personal name | Edited by Cherukuri, Vinod Kumar |
| 9 (RLIN) | 73533 |
| 700 ## - ADDED ENTRY--PERSONAL NAME | |
| Personal name | Edited by Shailaja, Punya |
| 9 (RLIN) | 73534 |
| 942 ## - ADDED ENTRY ELEMENTS (KOHA) | |
| Source of classification or shelving scheme | Dewey Decimal Classification |
| Item type | English Books |
| Classification part | 305.562 |
| Call number suffix | BRA |
| Withdrawn status | Lost status | Not for loan | Collection code | Home library | Current library | Date acquired | Source of acquisition | Cost, normal purchase price | Full call number | Barcode | Copy number | Cost, replacement price | Koha item type |
|---|---|---|---|---|---|---|---|---|---|---|---|---|---|
| Not For Loan | Non-fiction | Bawana | Bawana | 28/10/2024 | DBAD | 499.00 | 305.562 BRA | EN-125987 | 1 | 499.00 | English Books |
